Návrh a vytvorenie aplikácie pre podpornú evidenciu v oblasti personalistiky

Gespeichert in:
Bibliographische Detailangaben
1. Verfasser: Bobák, Igor, 1986- (Verfasst von)
Weitere Verfasser: Nižníková, Jana, 1978- (xxx)
Format: Manuskript Buch
Sprache:Slowakisch
Veröffentlicht: STU v Bratislave MTF UIAM, 2010
Schlagworte:
Online-Zugang:VAIS
Tags: Tag hinzufügen
Keine Tags, Fügen Sie das erste Tag hinzu!

MARC

LEADER 00000ntm a22000003a 4500
001 stu206759
005 20160719160303.2
008 100708s2010------------------------slo-d
040 |a STU  |b slo 
041 0 |a slo 
100 1 |a Bobák, Igor,  |d 1986-  |4 aut  |X 52200  |7 A000052200 
242 0 0 |a Design and creation of application for supporting evidence in Personnel  |y eng 
245 1 |a Návrh a vytvorenie aplikácie pre podpornú evidenciu v oblasti personalistiky 
260 |b STU v Bratislave MTF UIAM,  |c 2010 
650 7 |a PHP  |2 stusub 
650 7 |a PHP  |2 stusub 
650 7 |a information system  |2 estusub 
650 7 |a UML  |2 stusub 
650 7 |a informačný systém  |2 stusub 
650 7 |a UML  |2 stusub 
700 1 |a Nižníková, Jana,  |d 1978-  |4 xxx  |X 73797  |7 A000073797 
856 4 |a info a plný text  |u http://is.stuba.sk/zp/portal_zp.pl?podrobnosti=53037  |3 VAIS 
996 |c M*BP-4653  |l MMSKP  |s P  |a 0  |w stu206759_0001